Semmangudi Srinivasa Iyer: (Record no. 20741)

MARC details
000 -LEADER
fixed length control field 01157njm a22002897a 4500
005 - DATE AND TIME OF LATEST TRANSACTION
control field 20010828113042.0
008 - FIXED-LENGTH DATA ELEMENTS--GENERAL INFORMATION
fixed length control field 981110s1991 ii sgn tel
010 ## - LCCN (DPL NO)
LC control number ENG-92424
020 ## - INTERNATIONAL STANDARD BOOK NUMBER
International Standard Book Number 9788188661787
Terms of availability 790.00
035 ## - SYSTEM CONTROL NUMBER
System control number EN-75957
037 ## - SOURCE OF ACQUISITION
Source of stock number/acquisition DBAD / PUB
040 ## - CATALOGING SOURCE
Original cataloging agency dpl
Language of cataloging English
082 ## - DEWEY DECIMAL CLASSIFICATION NUMBER
Classification number 782.0092
100 ## - MAIN ENTRY--PERSONAL NAME
Personal name Subrahmaniam, V. ,1934-
245 ## - TITLE STATEMENT
Title Semmangudi Srinivasa Iyer:
Remainder of title life & music /
Statement of responsibility, etc by V. Subrahmaniam and Sriram V.
260 ## - PUBLICATION, DISTRIBUTION, ETC. (IMPRINT)
Place of publication, distribution, etc New Delhi
Name of publisher, distributor, etc Westland
Date of publication, distribution, etc 2008
300 ## - PHYSICAL DESCRIPTION
Extent vi, 142p.:
Other physical details b&w photos
Dimensions 25cm (Hb)
Accompanying material CD ROM
500 ## - GENERAL NOTE
General note Includes glossary and bibliographical references
500 ## - GENERAL NOTE
General note "Copyright: Sri Semmangudi Srinivasa Iyer Golden Jubilee Foundation."
500 ## - GENERAL NOTE
General note "Centenary commemoration."--Cover.
600 ## - SUBJECT ADDED ENTRY--PERSONAL NAME
Personal name Iyer, Semmangudi Srinivasa
General subdivision Singer
-- Biography.
650 ## - SUBJECT ADDED ENTRY--TOPICAL TERM
Topical term or geographic name as entry element Carnatic music
Geographic subdivision India.
650 ## - SUBJECT ADDED ENTRY--TOPICAL TERM
Topical term or geographic name as entry element Vocal music
Geographic subdivision India.
700 ## - ADDED ENTRY--PERSONAL NAME
Personal name Sriram V., 1966-
942 ## - ADDED ENTRY ELEMENTS (KOHA)
Source of classification or shelving scheme Dewey Decimal Classification
Item type English Books
Call number suffix SUB
Classification part 782.0092
Holdings
Withdrawn status Lost status Source of classification or shelving scheme Damaged status Not for loan Collection code Home library Current library Date acquired Source of acquisition Cost, normal purchase price Total Checkouts Full call number Barcode Date last seen Copy number Cost, replacement price Koha item type
    Dewey Decimal Classification   Not For Loan Non-fiction D.B.Act.Division D.B.Act.Division 09/01/2009 DBAB / PUB 790.00   782.0092 SUB EN-75957 09/01/2009 1 790.00 English Books

© Delhi Public Library
Hit Counter
free hit counter